Countries of the Lesser Antilles - Map Quiz - Statistics

General Stats
  • This quiz has been taken 749 times
  • The average score is 6 of 8
Answers on the Map
Answers color-coded by a green-red scale on the quiz's map according to % correct below.
 
Answer Stats
Answer % Correct
Trinidad and Tobago
91%
Barbados
79%
Antigua and Barbuda
75%
Grenada
73%
Dominica
70%
St. Kitts and Nevis
70%
St. Vincent and the Grenadines
67%
St Lucia
61%
No matching quizzes found
Score Distribution
Percent of People with Each Score
Percentile by Number Answered
Your Score History
You have not taken this quiz